00458nam a2200145Ia 4500008004100000100001800041100003500059245010500094260000900199300001300208504001000221650003000231650003100261773002000292181130s2018 xx 000 0 und d aBhatia, Mamta aDutt, Diya and Cuevas, Danixia aFrom local to global:bcommunity colleges in India and America to expand their geographic footprints c2018 ap.23-26. d9-Jul aColleges and Universities aCommunity colleges - India aUniversity News